Statystyki dla Przyłącz losową afrykańską flagę do państwa

Kliknij tutaj aby rozwiązać quiz!

Ogólne statystyki

  • Ten quiz został rozwiązany 8 681 razy
  • Średni wynik to 8 z 10

Statystyki odpowiedzi

Odpowiedź% Poprawnych
Algieria
97%
Egipt
97%
Kenia
96%
Republika Poludniowej Afryki
96%
Maroko
95%
Nigeria
95%
Tunezja
95%
Somalia
94%
Niger
92%
Uganda
92%
Wybrzeze Kosci Sloniowej
92%
Czad
91%
Seszele
90%
Angola
89%
Etiopia
89%
Libia
88%
Tanzania
88%
Demokratyczna Republika Konga
87%
Liberia
86%
Botswana
85%
Senegal
85%
Ghana
84%
Madagaskar
84%
Kamerun
83%
Eswatini
82%
Zambia
82%
Mauretania
79%
Mozambik
79%
Republika Srodkowoafrykanska
78%
Sudan
78%
Burkina Faso
77%
Burundi
77%
Erytrea
77%
Lesotho
76%
Mali
76%
Republika Zielonego Przyladka
75%
Togo
74%
Zimbabwe
73%
Benin
71%
Namibia
71%
Sudan Poludniowy
71%
Dzibuti
70%
Malawi
70%
Gabon
69%
Komory
69%
Rwanda
67%
Gwinea Równikowa
66%
Kongo
66%
Gwinea Bissau
65%
Sierra Leone
64%
Gambia
63%
Mauritius
63%
Wyspy Swietego Tomasza i Ksiazeca
63%
Gwinea
60%

Rozkład punktacji

Percentyl według liczby udzielonych odpowiedzi

Procent ludzi z każdym wynikiem

Twoja historia wyników

Nie rozwiązałeś tego quizu